000 00521nam a2200181 i 4500
001 75943
003 ES-MaACL
005 20230906172649.0
007 t|
008 040928s1953 sp ||||1| spa d
100 1 _aGray, Daniel.
_959794
245 1 3 _aLa bahía del silencio /
_cDaniel Gray ; versión española Zoe Ramírez.
250 _a[1ª ed.].
260 _aBarcelona :
_bSurco,
_c[1953] (
_fJ. Pugés)
300 _a333 p. ;
_c19 cm.
700 1 _aRamírez, Zoé.
_995117
852 _aES-MaACL
_jC-8812
_bR.34961
999 _c75943
_d75943